気象庁の警報・注意報の種類 - Statistics

General Stats
  • This quiz has been taken 1,270 times
  • The average score is 14 of 23
Answer Stats
Hint Answer % Correct
警報 大雨
98%
注意報 大雨
98%
警報 波浪
91%
注意報 波浪
91%
警報 大雪
86%
注意報 大雪
86%
警報 暴風
83%
注意報
81%
警報 洪水
79%
注意報 洪水
79%
注意報 強風
77%
警報 高潮
69%
注意報 高潮
69%
注意報 乾燥
57%
注意報 濃霧
49%
警報 暴風雪
44%
注意報 なだれ
40%
注意報
37%
注意報 低温
35%
注意報 風雪
29%
注意報 着雪
27%
注意報 融雪
15%
注意報 着氷
12%
No matching quizzes found
Score Distribution
Percent of People with Each Score
Percentile by Number Answered
Your Score History
You have not taken this quiz